000 00494nam a22001697a 4500
003 PILC
005 20150112093448.0
008 131018t xxu||||| |||| 00| 0 eng d
020 _a1741033926
050 _aHF 5718
_b.D993 2006
100 _aDwyer, Judith
_930045
245 _aThe business communication Handbook /
_cJudith Dwyer
250 _a7th ed. ed.
260 _aAustralia ;
_bPearson Education Australia ;
_xyz2006.
300 _a567 pages :
_billustration ;
_c27 cm.
942 _2lcc
_cBK
999 _c15006
_d15006